Complex variables and the Laplace transform for engineers (Record no. 13856)

000 -LEADER
fixed length control field 00606nam a22002051 4500
001 - CONTROL NUMBER
control field 13856
003 - CONTROL NUMBER IDENTIFIER
control field BD-DhUET
008 - FIXED-LENGTH DATA ELEMENTS--GENERAL INFORMATION
fixed length control field 840622s1961 nyua b 000 0 eng
040 ## - CATALOGING SOURCE
Original cataloging agency DLC
Transcribing agency DLC
Modifying agency BD-DhUET
082 00 - DEWEY DECIMAL CLASSIFICATION NUMBER
Classification number 517.862
Item number LEP/1961
100 ## - MAIN ENTRY--PERSONAL NAME
Personal name LePage, Wilbur R.
245 10 - TITLE STATEMENT
Title Complex variables and the Laplace transform for engineers
250 ## - EDITION STATEMENT
Edition statement 1st ed.
260 ## - PUBLICATION, DISTRIBUTION, ETC. (IMPRINT)
Place of publication, distribution, etc. Bombay
Name of publisher, distributor, etc. McGraw-Hill
Date of publication, distribution, etc. 1961
300 ## - PHYSICAL DESCRIPTION
Extent xvi, 475 p.
Other physical details ill.
Dimensions 24 cm.
490 ## - SERIES STATEMENT
Series statement International series in pure and applied mathematics
504 ## - BIBLIOGRAPHY, ETC. NOTE
Bibliography, etc Includes bibliographies
650 #0 - SUBJECT ADDED ENTRY--TOPICAL TERM
Topical term or geographic name as entry element Calculus - Complex variables
942 ## - ADDED ENTRY ELEMENTS (KOHA)
Koha item type General Book
Holdings
Koha date last seen Not for loan Copy number Withdrawn status Date acquired Koha normalized classification for sorting Piece designation (barcode) Lost status Source of classification or shelving scheme Koha full call number Koha item type Price effective from Shelving location Location (home branch) Sublocation or collection (holding branch) Damaged status
2015-03-05 1 2015-03-05517_862000000000000_LEP_196140116  517.862/LEP/1961General Book2015-03-05Circulation sectionCentral Library, BUETCentral Library, BUET 
2015-03-05 2 2015-03-05517_862000000000000_LEP_196124385  517.862/LEP/1961General Book2015-03-05Circulation sectionCentral Library, BUETCentral Library, BUET 
2015-03-07 3 2015-03-07517_862000000000000_LEP_19616374  517.862/LEP/1961General Book2015-03-07Circulation sectionCentral Library, BUETCentral Library, BUET 
2015-03-07 4 2015-03-07517_862000000000000_LEP_196151027  517.862/LEP/1961General Book2015-03-07Circulation sectionCentral Library, BUETCentral Library, BUET 
2015-03-07 5 2015-03-07517_862000000000000_LEP_196120963  517.862/LEP/1961General Book2015-03-07Circulation sectionCentral Library, BUETCentral Library, BUET 
2015-03-07 6 2015-03-07517_862000000000000_LEP_196142659  517.862/LEP/1961General Book2015-03-07Circulation sectionCentral Library, BUETCentral Library, BUET 
2015-03-07 7 2015-03-07517_862000000000000_LEP_196140115  517.862/LEP/1961General Book2015-03-07Circulation sectionCentral Library, BUETCentral Library, BUET 
2015-03-07 8 2015-03-07517_862000000000000_LEP_196139671  517.862/LEP/1961General Book2015-03-07Circulation sectionCentral Library, BUETCentral Library, BUET 
2015-03-07 9 2015-03-07517_862000000000000_LEP_196139670  517.862/LEP/1961General Book2015-03-07Circulation sectionCentral Library, BUETCentral Library, BUET 
2015-03-07 10 2015-03-07517_862000000000000_LEP_196142660  517.862/LEP/1961General Book2015-03-07Circulation sectionCentral Library, BUETCentral Library, BUET 
2015-03-09 11 2015-03-09517_862000000000000_LEP_196142661  517.862/LEP/1961General Book2015-03-09Circulation sectionCentral Library, BUETCentral Library, BUET 
2015-03-09 12 2015-03-09517_862000000000000_LEP_196151026  517.862/LEP/1961General Book2015-03-09Circulation sectionCentral Library, BUETCentral Library, BUET 
2015-05-03 13 2015-05-03517_862000000000000_LEP_19612039  517.862/LEP/1961General Book2015-05-03Circulation sectionCentral Library, BUETCentral Library, BUET 
2015-05-03 14 2015-05-03517_862000000000000_LEP_19616375  517.862/LEP/1961General Book2015-05-03Circulation sectionCentral Library, BUETCentral Library, BUET 
2015-05-03 15 2015-05-03517_862000000000000_LEP_19612041  517.862/LEP/1961General Book2015-05-03Circulation sectionCentral Library, BUETCentral Library, BUET 
2015-05-03 16 2015-05-03517_862000000000000_LEP_19612040  517.862/LEP/1961General Book2015-05-03Circulation sectionCentral Library, BUETCentral Library, BUET